000 00701nam a22002297a 4500
003 DO-SdBNP
005 20220412093217.0
008 130409s2012 dr 000 0 spa d
020 _a9789945507010
040 _aDO-SdBNP
_bspa
_cBNPHU
082 _axxxx
_bV732t
100 1 _aVillegas Quintero, Efrain
_93211
_d1928-2005
245 1 0 _aTerapias para la conciencia /
_cEfrain Villegas Contrera.
250 _a3a. ed.
260 _aSanto Domingo :
_bGamma,
_c2012.
300 _a165 p. ;
_c21 cm.
500 _aIncluye datos biográficos del autor en la solapa de la portada.
504 _aBiografĂ­as p: 159-161
590 _aInventariado, 2022/ YL
910 _aYLockward
942 _2ddc
_cLBS1
999 _c51524
_d51524